1038 1974 1698 1257 1319 1412 1365 1962 1556 1939 1832 1547 1245 1664 1854 1540 1167 1374 1590 1405 1588 1403 1785 1726 1424 1564 1173 1953 1108 1719 1439 1854 1772 1471 1860 1271 1694 1401 1039 1820 1792 1719 1495 1383 1286 1564 1360 1330 1647 1494 1679 1955 1440 1851 1482 1942 1053 1239 1331 1150 1725 1341 1133 1217 1474 1286 1477 1525 1596 1396 1046 1352 1999 1648 1214 1946 1514 1025 1960 1427 1955 1586 1954 1348 1488 1627 1081 1634 1570 1408 1081 1725 1642 1242 1993 1034 1382 1379 1732 BCNSPRNW ULIB Ver.6.0+V

เปลี่ยนเป็นภาษาไทย

Change to English
 แสดงรายละเอียดบรรณานุกรม
  กลับหน้าหลัก

Brief Record : Get Marc (ISO 2709) : E-mail record : QR code < ปิดหน้าต่าง
LEADER : 00000nam 2200000uu 4500
001    13399122065
003     ULIB
008    121224s2554||||th 000 0 tha d
020    ^a9789749781678
060  4 ^aQT255^bพ274ห
100 0  ^aพรรัชนี วีระพงศ์
245 10 ^aหลักพื้นฐานการออกกำลังกายเพื่อการบำบัด /^cพรรัชนี วีระพงศ์
250    ^aพิมพ์ครั้งที่ 1
260    ^aสมุทรปราการ :^bโครงการสำนักพิมพ์มหาวิทยาลัยหัวเฉียวเฉลิมพระเกียรติ,^c2554
300    ^a1 เล่ม (หน้าไม่เรียงลำดับ) :^bภาพประกอบ
505 0  ^aแบบจำลอ่งที่เกียวข้องกับการออกกำลังกาย - - ระบบพื้นฐานที่ใช้ในการเคลื่อนไหว - - ระบบควบคุมการเคลื่อนไหว - - ชีวกลศาสตร์ที่เกี่ยวข้องกับการเคลื่อนไหว - - ระบบที่ช่วยสนับสนุนให้เกิดการเคลื่อนไหว - - หลักการให้โปรแกรมการออกกำลังกายเบื้องต้น - - กระบวนการซ่อมแซมตนเองของเนื้อเยื่อ - - การออกกำลังกายเพื่อเพิ่มความยืดหยุ่น - - การออกกำลังกายเพื่อเพิ่มความแข็งแรงและความทนทานของกล้ามเนื้อ - - การออกกำลังกายเพื่อเพิ่มความทนทานของระบบหัวใจและระบบหายใจ - - แบบจำลองที่เกี่ยวข้องกับการออกกำลังกาย - - ระบบพื้นฐานที่ใช้ในการเคลื่อนไหว
650  7 ^aการออกกำลังกาย
856    ^zหลักพื้นฐานการออกกำลังกายเพื่อการบำบัด.pdf (Content)^uhttp://ulibm.bcnsprnw.ac.th/ULIB6//_fulltext/5/13399122065/20121224140218_2202.pdf
945    ^p200^l0^i033321
945    ^p200^l0^i033322
945    ^p200^l0^i033323
995    เกษร
999    ^aใช้งานได้ทุกระบบ
รายการนี้ยังไม่มีแท็ก
คุณยังไม่ได้ล็อกอิน คุณสามารถมีกิจกรรมร่วมกับเว็บไซต์ได้ แต่ต้องล็อกอินก่อน ::
  ล็อกอิน

รายการสื่อสารสนเทศ

ลำดับที่ ประเภท เลขเรียก/บาร์โค้ด สถานที่ สถานะ
1. วิทยาศาสตร์การแพทย์ และสุขภาพ
หนังสือสำรอง
สถานะ=หนังสือสำรอง
QT255 พ274ห ฉ.1 
  Barcode: 033321
ห้องสมุดวิทยาเขตสวรรค์ประชารักษ์
►ส่วนจัดเก็บหนังสือเก่า สปร
บนชั้น
  ขอยืม
2. วิทยาศาสตร์การแพทย์ และสุขภาพ
วิทยาศาสตร์การแพทย์ และสุขภาพ
QT255 พ274ห ฉ.2 
  Barcode: 033322
ห้องสมุดวิทยาเขตสวรรค์ประชารักษ์
►ส่วนจัดเก็บหนังสือเก่า สปร
บนชั้น
  ขอยืม
3. วิทยาศาสตร์การแพทย์ และสุขภาพ
วิทยาศาสตร์การแพทย์ และสุขภาพ
QT255 พ274ห ฉ.3 
  Barcode: 033323
ห้องสมุดวิทยาเขตสวรรค์ประชารักษ์
►หนังสือทั่วไป
บนชั้น

รายการใกล้เคียง
    ผู้แต่ง [พรรัชนี วีระพงศ์]

    หัวเรื่อง [การออกกำลังกาย]

BibComment


ยังไม่เคยถูกคอมเมนท์

คอมเมนท์ทรัพยากรรายการนี้
  คอมเมนท์: หลักพื้นฐานการออ..


 Copyright 2026. Bcnsprnw @Library